Фламандская доска: роман
| Autor principal: | |
|---|---|
| Sumari: | Артуро Перес-Реверте (р. 1951) — современный испанский писатель, интеллектуал, мастер изящной словесности, завоевавший сердца своих читателей захватывающей интригой, филигранной прозой, блестящим знанием истории и искусства. Он виртуозно сочетает в своих произведениях загадки прошлых веков, таинственные убийства и рассуждения о высоких материях. «Фламандская доска», как и другие романы Переса-Реверте, написан в жанре интеллектуального детектива. Парадоксальный и многоплановый, завораживающий перемещением действия из одного временного и культурного пласта в другой, с головокружительно закрученным сюжетом, роман открывает для читателя мир антикваров и коллекционеров, в котором старинная картина является ключом к разгадке жестоких преступлений, происходящих в наши дни, а за каждую проигранную фигуру в шахматной партии заплачено человеческой жизнью. |
| Idioma: | rus |
| Publicat: |
Москва, Эксмо, 2004
|
| Matèries: | |
| Format: | MixedMaterials Llibre |
| KOHA link: | https://koha.lib.tpu.ru/cgi-bin/koha/opac-detail.pl?biblionumber=78216 |
MARC
| LEADER | 00000nam0a2200000 4500 | ||
|---|---|---|---|
| 001 | 78216 | ||
| 005 | 20231031093743.0 | ||
| 010 | |a 5699024700 | ||
| 035 | |a (RuTPU)RU\TPU\book\83829 | ||
| 090 | |a 78216 | ||
| 100 | |a 20050614d2004 m y0rusy50 ca | ||
| 101 | 1 | |a rus |c spa | |
| 102 | |a RU | ||
| 105 | |a y z 000ay | ||
| 200 | 1 | |a Фламандская доска |e роман |f А. Перес-Реверте | |
| 210 | |a Москва |c Эксмо |d 2004 | ||
| 215 | |a 477 с. | ||
| 330 | |a Артуро Перес-Реверте (р. 1951) — современный испанский писатель, интеллектуал, мастер изящной словесности, завоевавший сердца своих читателей захватывающей интригой, филигранной прозой, блестящим знанием истории и искусства. Он виртуозно сочетает в своих произведениях загадки прошлых веков, таинственные убийства и рассуждения о высоких материях. «Фламандская доска», как и другие романы Переса-Реверте, написан в жанре интеллектуального детектива. Парадоксальный и многоплановый, завораживающий перемещением действия из одного временного и культурного пласта в другой, с головокружительно закрученным сюжетом, роман открывает для читателя мир антикваров и коллекционеров, в котором старинная картина является ключом к разгадке жестоких преступлений, происходящих в наши дни, а за каждую проигранную фигуру в шахматной партии заплачено человеческой жизнью. | ||
| 610 | 1 | |a испанская литература | |
| 610 | 1 | |a романы | |
| 610 | 1 | |a детективы | |
| 675 | |a 86 |v 3 | ||
| 700 | 1 | |a Перес-Реверте |b А. |g Артуро | |
| 801 | 1 | |a RU |b 63413507 |c 20050614 |g PSBO | |
| 801 | 2 | |a RU |b 63413507 |c 20050620 |g PSBO | |
| 942 | |c BK | ||